Statistics for College Football Matchups: Illinois

Click here to take the quiz!

General Stats

  • This quiz has been taken 35 times
  • The average score is 13 of 16

Answer Stats

# of GamesOpponentLast Meeting% Correct
115Northwestern11/27/2021
100%
72Indiana11/11/2017
96%
77Iowa11/20/2021
96%
96Michigan10/12/2019
96%
47Michigan State11/09/2019
96%
26Penn State10/23/2021
96%
97Purdue09/25/2021
96%
88Wisconsin10/09/2021
96%
74Minnesota11/06/2021
92%
103Ohio State11/18/2017
92%
19Nebraska08/28/2021
80%
24Missouri09/04/2010
76%
12Notre Dame10/19/1968
52%
13USC01/01/2008
52%
12UCLA12/31/2011
48%
12Syracuse09/15/2007
24%

Score Distribution

Percentile by Number Answered

Percent of People with Each Score

Your Score History

You have not taken this quiz